<?xml version="1.0" encoding="UTF-8"?>
<record
    xmlns:xsi="http://www.w3.org/2001/XMLSchema-instance"
    xsi:schemaLocation="http://www.loc.gov/MARC21/slim http://www.loc.gov/standards/marcxml/schema/MARC21slim.xsd"
    xmlns="http://www.loc.gov/MARC21/slim">

  <leader>01649nam a2200157   4500</leader>
  <datafield tag="999" ind1=" " ind2=" ">
    <subfield code="c">510280</subfield>
    <subfield code="d">510280</subfield>
  </datafield>
  <controlfield tag="008">190809b           ||||| |||| 00| 0 eng d</controlfield>
  <datafield tag="100" ind1=" " ind2=" ">
    <subfield code="a">Galster, George</subfield>
    <subfield code="9">8018</subfield>
  </datafield>
  <datafield tag="245" ind1=" " ind2=" ">
    <subfield code="a">Why shrinking cities are not mirror images of growing cities: a research agenda of six testable propositions</subfield>
  </datafield>
  <datafield tag="260" ind1=" " ind2=" ">
    <subfield code="c">2019</subfield>
  </datafield>
  <datafield tag="300" ind1=" " ind2=" ">
    <subfield code="a">p.355-372.</subfield>
  </datafield>
  <datafield tag="520" ind1=" " ind2=" ">
    <subfield code="a">I advance six propositions regarding the features of urban decline processes that distinguish them from those in growing cities. First, they are demographically selective, as population losses are disproportionately comprised of more advantaged households. Second, they are dynamically nonlinear, as population changes exceed thresholds where socially problematic behaviors and residential disinvestment jump sharply. Third, they are asymmetrically scalable for technological, financial, physical, and political reasons. Fourth, they are minimally controlled by traditional land-use policies of zoning and building permits. Fifth, they are informally decentralized, as individuals and groups supplement the atrophied local public sector with &#x201C;do it yourself&#x201D; activities. Sixth, they are psychologically conservative, as residents try to conserve threatened physical, social, and psychological resources. The article synthesizes extant theory and evidence from multiple disciplines, although ultimately the propositions are advanced as working hypotheses commanding varying degrees of support, which collectively comprise a research agenda for further investigation. - Reproduced.</subfield>
  </datafield>
  <datafield tag="650" ind1=" " ind2=" ">
    <subfield code="a">Urban areas</subfield>
    <subfield code="9">8019</subfield>
  </datafield>
  <datafield tag="773" ind1=" " ind2=" ">
    <subfield code="a">Urban Affairs Review</subfield>
  </datafield>
  <datafield tag="906" ind1=" " ind2=" ">
    <subfield code="a">Cities and towns</subfield>
  </datafield>
  <datafield tag="942" ind1=" " ind2=" ">
    <subfield code="2">ddc</subfield>
    <subfield code="c">AR</subfield>
  </datafield>
  <datafield tag="952" ind1=" " ind2=" ">
    <subfield code="0">0</subfield>
    <subfield code="1">0</subfield>
    <subfield code="2">ddc</subfield>
    <subfield code="4">0</subfield>
    <subfield code="7">0</subfield>
    <subfield code="9">384220</subfield>
    <subfield code="a">IIPA</subfield>
    <subfield code="b">IIPA</subfield>
    <subfield code="d">2019-08-09</subfield>
    <subfield code="h">55(1), Jan, 2019: p.355-372.</subfield>
    <subfield code="p">AR119913</subfield>
    <subfield code="r">2019-08-09</subfield>
    <subfield code="y">AR</subfield>
  </datafield>
</record>
